000
00273nam a2200109Ia 4500
008
190216s9999||||xx |||||||||||||| ||und||
100
_a
Charles E St Thomas
245
0
_a
Practical Business Planning
260
_b
Db.Taraporevala Sons &co
_c
1971
300
_a
141p
942
_c
BK
999
_c
4682
_d
4682